The longing for home / (Record no. 8540)
[ view plain ]
| 000 -LEADER | |
|---|---|
| fixed length control field | 01627nam a22002297a 4500 |
| 003 - CONTROL NUMBER IDENTIFIER | |
| control field | GBCCL |
| 005 - DATE AND TIME OF LATEST TRANSACTION | |
| control field | 20241126110653.0 |
| 008 - FIXED-LENGTH DATA ELEMENTS--GENERAL INFORMATION | |
| fixed length control field | 210401b ||||| |||| 00| 0 eng d |
| 020 ## - INTERNATIONAL STANDARD BOOK NUMBER | |
| International Standard Book Number | 0268013101 |
| 020 ## - INTERNATIONAL STANDARD BOOK NUMBER | |
| International Standard Book Number | 9780268013103 |
| 020 ## - INTERNATIONAL STANDARD BOOK NUMBER | |
| International Standard Book Number | 0268013241 |
| 040 ## - CATALOGING SOURCE | |
| Transcribing agency | gbc |
| 082 ## - DEWEY DECIMAL CLASSIFICATION NUMBER | |
| Classification number | 128 |
| Item number | LON |
| 245 ## - TITLE STATEMENT | |
| Title | The longing for home / |
| Statement of responsibility, etc. | edited by Leroy S. Rouner. |
| 260 ## - PUBLICATION, DISTRIBUTION, ETC. | |
| Place of publication, distribution, etc. | Notre Dame, Ind. : |
| Name of publisher, distributor, etc. | University of Notre Dame Press, |
| Date of publication, distribution, etc. | ©1996. |
| 300 ## - PHYSICAL DESCRIPTION | |
| Extent | xvii, 268 pages ; |
| Dimensions | 24 cm. |
| 440 ## - SERIES STATEMENT/ADDED ENTRY--TITLE | |
| Title | Boston University studies in philosophy and religion, v. 17. |
| 9 (RLIN) | 15038 |
| 505 ## - FORMATTED CONTENTS NOTE | |
| Formatted contents note | Longing for home / Elie Wiesel --<br/>Of dwelling and wayfaring: a quest for metaphors / Erazim Kohák --<br/>The only Henniker on Earth / Werner Gundersheimer --<br/>The longing for home / Frederick Buechner --<br/>Home is where we've never been: experience and transcendence / Leroy S. Rouner --<br/>Are we at home in the world? / Rémi Brague --<br/>Places of experience and the experience of place / Katherine Platt --<br/>The man who committed adultery with his own wife / Wendy Doniger --<br/>Home and Zakhor, remember! / Alfred I. Tauber --<br/>Shekinah: the home of the homeless God / Jürgen Moltmann --<br/>Dwellers, migrants, nomads: home in the age of the refugee / Edith Wyschogrod --<br/>Hospitality: home as the integration of privacy and community / Rosemary L. Haughton --<br/>Ecofeminism and the longing for home / Karen J. Warren --<br/>The Indian diaspora and its conception of home / Bhikhu Parekh --<br/>The terror of land loss, the dream of finding home / Martin E. Marty. |
| 650 ## - SUBJECT ADDED ENTRY--TOPICAL TERM | |
| Topical term or geographic name entry element | Home. |
| Form subdivision | Philosophy |
| 9 (RLIN) | 15039 |
| 650 ## - SUBJECT ADDED ENTRY--TOPICAL TERM | |
| Topical term or geographic name entry element | Home |
| Form subdivision | Religious aspects. |
| 9 (RLIN) | 15040 |
| 942 ## - ADDED ENTRY ELEMENTS (KOHA) | |
| Source of classification or shelving scheme | Dewey Decimal Classification |
| Koha item type | Books |
| Withdrawn status | Lost status | Source of classification or shelving scheme | Damaged status | Not for loan | Home library | Current Library | Shelving location | Date acquired | Total checkouts | Full call number | Barcode | Date last seen | Copy number | Price effective from | Koha item type |
|---|---|---|---|---|---|---|---|---|---|---|---|---|---|---|---|
| Dewey Decimal Classification | GRACE BIBLE COLLEGE | GRACE BIBLE COLLEGE | Philosophy and Religion | 2021-04-01 | 128 LON | 020178 | 2025-05-01 | c.1 | 2021-04-01 | Books |